000 00675npc a2200217Ia 4500
001 dg89-39506
003 IT-MiCISF
008 161014s9999||||xx | und||
040 _aIT-MiCISF
_cIT-MiCISF
041 _ait
100 _aDe Pieri Severino
245 0 _aI giovani di Fagagna: quale futuro?
250 _a1a ed.
260 _aFagnana
_bComune di Fagagna
_c1994
300 _app. 151
500 _a / giovani, territorio, lavoro, scuola, tempo-libero, amicizia, ideali, massmedia, religione, famiglia, sessualità, alcolismo, tossicodipendenza /
650 _aetà-evolutiva
700 _aBrognaro Stefano
942 _cDD
957 _71
999 _a39506
_bsi
_g1
_c207067
_d207067